Faktoring - forma správy inkasa pohľadávok

Pojem faktoring, predmet, formy, cena faktoringu. Faktoring na Slovensku.

Na minha lista:
Detalhes bibliográficos
Autor principal: Markovič, Peter, 1974-
Formato: Capítulo de Livro
Idioma:eslovaco
Assuntos:
Tags: Adicionar Tag
Sem tags, seja o primeiro a adicionar uma tag!

MARC

LEADER 00000naa a2200000 4500
001 0141596
005 20240502072535.4
041 0 |a slo 
044 |a SK 
245 1 0 |a Faktoring - forma správy inkasa pohľadávok  |c Peter Markovič 
520 |a Pojem faktoring, predmet, formy, cena faktoringu. Faktoring na Slovensku. 
610 2 0 |a podnik 
610 2 0 |a financovanie 
610 2 0 |a faktoring 
610 2 0 |a ceny 
610 2 0 |a Slovensko 
100 1 |a Markovič, Peter, 1974-